Score 0/20 Timer 06:00
0 Plays Today
% Correct
Jake LaMotta
96.1%
Bruce Lee
95.2%
Niki Lauda
95%
T. E. Lawrence
93.6%
Charles Lindbergh
93.5%
Adrienne Lecouvreur
93%
Loretta Lynn
92%
Martin Luther
91.7%
Abraham Lincoln
91%
Franz Liszt
91%
% Correct
John Lennon
90.1%
Jerry Lee Lewis
84.4%
Bela Lugosi
84.2%
Liberace
83.1%
Lenny Bruce
82.4%
Ludwig II of Bavaria
80%
Louis XVI of France
74.3%
Henri Désiré Landru
65.1%
Vladimir Lenin
63.4%
Louis XIV of France
59.3%
Remove Ads.
Support Sporcle.
Get the best of Sporcle when you Go Orange. This ad-free experience offers more features, more stats, and more fun while also helping to support Sporcle. Thank you for becoming a member.

You're not logged in!

Compare scores with friends on all Sporcle quizzes.
OR
Log In

Sporcle TV

Today on Sporcle TV


Watch our educational content, quiz creation guides, and fun videos on Sporcle TV.

Show Comments

Extras

Top Quizzes Today


Score Distribution

Paid Content

Your Account Isn't Verified!

In order to create a playlist on Sporcle, you need to verify the email address you used during registration. Go to your Sporcle Settings to finish the process.

Report this User

Report this user for behavior that violates our Community Guidelines.

Details: